[Event "Bosnjaci op 15th"]
[Site "Bosnjaci"]
[Date "2010.01.05"]
[Round "4"]
[White "Ascic, Pero"]
[Black "Jelecevic, Ivo"]
[Result "1-0"]
[WhiteElo "2309"]
[BlackElo "2180"]
[PlyCount "93"]
[EventDate "2010.01.03"]
[EventType "swiss"]
[EventRounds "9"]
[EventCountry "CRO"]
[SourceTitle "OM OTB B 201907"]
[Source "Opening Master"]
[SourceDate "2019.07.06"]
[SourceVersion "2"]
[SourceVersionDate "2019.07.06"]
[SourceQuality "1"]

1. e4 c5 2. Nf3 d6 3. d4 cxd4 4. Nxd4 Nf6 5. Nc3 Nc6 6. Be2 e5 7. Nb3 Be7 8.
O-O O-O 9. Kh1 Be6 10. f4 Rc8 11. f5 Bxb3 12. axb3 a6 13. Be3 Nb4 14. Bg5 h6
15. Bxf6 Bxf6 16. Bc4 Qc7 17. Rf2 Qc5 18. Re2 Rfd8 19. Nd5 Nxd5 20. Bxd5 Rc7
21. c3 Kf8 22. b4 Qb6 23. Qd3 Rdc8 24. g3 Rd7 25. h4 Ke7 26. Kg2 Rf8 27. Kh3 g5
28. fxg6 fxg6 29. Rf1 Bg7 30. Rxf8 Kxf8 31. Qf3+ Ke8 32. Kg2 Kd8 33. Qg4 g5 34.
hxg5 hxg5 35. Qxg5+ Re7 36. Rf2 Kd7 37. Rf5 a5 38. Bf7 Bf8 39. Qg8 Bh6 40. Qg4
Kd8 41. Qg6 Bc1 42. Qg8+ Kd7 43. Bd5 axb4 44. Rf8 Qe3 45. Qg4+ Kc7 46. Qc8+ Kb6
47. Qd8+ 1-0

[Event "Peterhof op"]
[Site "Peterhof"]
[Date "2010.01.05"]
[Round "4"]
[White "Guzenko, Artem"]
[Black "Sokolova, Vera"]
[Result "1-0"]
[WhiteElo "2136"]
[BlackElo "2078"]
[PlyCount "91"]
[EventDate "2010.01.03"]
[EventType "swiss"]
[EventRounds "9"]
[EventCountry "RUS"]
[SourceTitle "OM OTB B 201907"]
[Source "Opening Master"]
[SourceDate "2019.07.06"]
[SourceVersion "2"]
[SourceVersionDate "2019.07.06"]
[SourceQuality "1"]

1. e4 c5 2. Nf3 Nc6 3. d4 cxd4 4. Nxd4 Nf6 5. Nc3 d6 6. Be2 e5 7. Nb3 Be7 8.
O-O O-O 9. f4 a6 10. f5 b5 11. Bf3 Bb7 12. Bg5 Ne8 13. Be3 Bg5 14. Qd2 Bxe3+
15. Qxe3 Rc8 16. Rad1 Na5 17. Nxa5 Qxa5 18. f6 Nxf6 19. Rxd6 b4 20. Ne2 Qc5 21.
Qxc5 Rxc5 22. c3 Ra5 23. Rb6 Rb5 24. Rxb5 axb5 25. cxb4 Bxe4 26. Nc3 Bd3 27.
Rd1 e4 28. Be2 Bxe2 29. Nxe2 h6 30. Nc3 Re8 31. h3 Kh7 32. Kf2 Kg6 33. Ke3 Kf5
34. Nxb5 Ke5 35. Nc3 g5 36. b5 g4 37. a4 gxh3 38. gxh3 Rb8 39. a5 Ne8 40. b6 f5
41. Rd5+ Ke6 42. Rc5 Nd6 43. b4 h5 44. Nd5 h4 45. Nc7+ Kd7 46. a6 1-0

[Event "Novokuznetsk op"]
[Site "Novokuznetsk"]
[Date "2010.01.05"]
[Round "4"]
[White "Rogov, Igor"]
[Black "Medvedev, Emelian"]
[Result "0-1"]
[WhiteElo "2000"]
[BlackElo "2112"]
[PlyCount "64"]
[EventDate "2010.01.02"]
[EventType "swiss"]
[EventRounds "10"]
[EventCountry "RUS"]
[SourceTitle "OM OTB B 201907"]
[Source "Opening Master"]
[SourceDate "2019.07.06"]
[SourceVersion "2"]
[SourceVersionDate "2019.07.06"]
[SourceQuality "1"]

1. e4 c5 2. Nf3 Nc6 3. d4 cxd4 4. Nxd4 Nf6 5. Nc3 d6 6. Be2 e5 7. Nb3 Be7 8.
Be3 O-O 9. O-O Be6 10. Kh1 a5 11. f4 a4 12. Nd2 d5 13. exd5 Nxd5 14. Nxd5 Qxd5
15. Bc4 Qd7 16. Bxe6 Qxe6 17. Nf3 Rad8 18. Qc1 e4 19. Ng1 f5 20. Ne2 Bf6 21.
Bd2 Bxb2 22. Qxb2 Rxd2 23. Nc3 Nd4 24. Nxa4 Qg6 25. Rg1 Ne2 26. Qb3+ Kh8 27.
Rad1 Rxd1 28. Rxd1 Nxf4 29. g3 Nh3 30. Rd7 e3 31. Nc5 e2 32. Nd3 Nf2+ 0-1

[Event "Staufer op 22nd"]
[Site "Schwaebisch Gmuend"]
[Date "2010.01.04"]
[Round "6"]
[White "Heinl, Thomas"]
[Black "Rau, Hannes"]
[Result "0-1"]
[WhiteElo "2216"]
[BlackElo "2466"]
[PlyCount "62"]
[EventDate "2010.01.02"]
[EventType "swiss"]
[EventRounds "9"]
[EventCountry "GER"]
[SourceTitle "OM OTB B 201907"]
[Source "Opening Master"]
[SourceDate "2019.07.06"]
[SourceVersion "2"]
[SourceVersionDate "2019.07.06"]
[SourceQuality "1"]

1. e4 c5 2. Nf3 Nc6 3. d4 cxd4 4. Nxd4 Nf6 5. Nc3 d6 6. Be2 e5 7. Nf3 h6 8. O-O
Be7 9. Re1 O-O 10. Bf1 a6 11. Nd5 Nxd5 12. exd5 Nb8 13. c4 Bg4 14. Qb3 Qc7 15.
Nd2 f5 16. f3 Bh5 17. Qa3 Nd7 18. Nb3 Bh4 19. g3 Bf6 20. Na5 Bxf3 21. Qxf3 Qxa5
22. Be3 Bg5 23. Bxg5 hxg5 24. Qe3 f4 25. Qf2 Nf6 26. gxf4 Ng4 27. Qg3 Qb6+ 28.
Kh1 Nf2+ 29. Kg2 Rxf4 30. h3 g4 31. Be2 Ne4 0-1

[Event "St Eufemia d'Aspromonte op 3rd"]
[Site "St Eufemia d'Aspromonte"]
[Date "2010.01.04"]
[Round "3"]
[White "Cordi, Domenico"]
[Black "Luvera, Filippo"]
[Result "1/2-1/2"]
[WhiteElo "2072"]
[BlackElo "1871"]
[PlyCount "42"]
[EventDate "2010.01.02"]
[EventType "swiss"]
[EventRounds "7"]
[EventCountry "ITA"]
[SourceTitle "OM OTB B 201907"]
[Source "Opening Master"]
[SourceDate "2019.07.06"]
[SourceVersion "2"]
[SourceVersionDate "2019.07.06"]
[SourceQuality "1"]

1. e4 c5 2. Nf3 Nc6 3. d4 cxd4 4. Nxd4 Nf6 5. Nc3 d6 6. Be2 e5 7. Nb3 Be7 8.
Be3 Be6 9. O-O O-O 10. f4 exf4 11. Rxf4 a6 12. Nd5 Bxd5 13. exd5 Ne5 14. Rb4 b5
15. a4 Qc7 16. axb5 axb5 17. Rxa8 Rxa8 18. Bxb5 Rc8 19. c3 Ra8 20. Be2 h6 21.
h3 Ra2 1/2-1/2

[Event "Privolzhskogo FO-ch (Women)"]
[Site "Izhevsk"]
[Date "2010.01.04"]
[Round "2"]
[White "Karavaeva, Nadezhda"]
[Black "Shur, Tatiana"]
[Result "1/2-1/2"]
[WhiteElo "2006"]
[BlackElo "1583"]
[PlyCount "94"]
[EventDate "2010.01.04"]
[EventType "swiss"]
[EventRounds "9"]
[EventCountry "RUS"]
[SourceTitle "OM OTB B 201907"]
[Source "Opening Master"]
[SourceDate "2019.07.06"]
[SourceVersion "2"]
[SourceVersionDate "2019.07.06"]
[SourceQuality "1"]

1. e4 c5 2. Nf3 Nc6 3. d4 cxd4 4. Nxd4 Nf6 5. Nc3 d6 6. Be2 e5 7. Nb3 Be7 8.
O-O O-O 9. Be3 Be6 10. f3 d5 11. exd5 Nxd5 12. Nxd5 Bxd5 13. c3 f5 14. Qc2 f4
15. Bf2 Bf7 16. Rad1 Qc7 17. Bd3 h6 18. Nd2 Rac8 19. Bg6 Bxg6 20. Qxg6 Qd6 21.
Qxd6 Bxd6 22. Nc4 Bb8 23. Nd6 Rc7 24. Rfe1 Rd7 25. Ne4 Rfd8 26. Rxd7 Rxd7 27.
Kf1 b6 28. Ke2 Kf7 29. Rd1 Rxd1 30. Kxd1 Ke6 31. Kd2 Kd5 32. Kd3 b5 33. b3 Ke6
34. Nc5+ Kf5 35. Na6 Bd6 36. c4 bxc4+ 37. bxc4 g5 38. c5 Be7 39. h3 h5 40. a3
Nd8 41. Nb8 Ne6 42. c6 Bxa3 43. Bxa7 Bd6 44. Na6 g4 45. hxg4+ hxg4 46. Bb6 gxf3
47. gxf3 Ng5 1/2-1/2

[Event "Krakow op 20th"]
[Site "Krakow"]
[Date "2010.01.02"]
[Round "7"]
[White "Duda, Jan Krzysztof"]
[Black "Czarnota, Pawel"]
[Result "0-1"]
[WhiteElo "2086"]
[BlackElo "2530"]
[PlyCount "96"]
[EventDate "2009.12.27"]
[EventType "swiss"]
[EventRounds "9"]
[EventCountry "POL"]
[SourceTitle "OM OTB B 201907"]
[Source "Opening Master"]
[SourceDate "2019.07.06"]
[SourceVersion "2"]
[SourceVersionDate "2019.07.06"]
[SourceQuality "1"]

1. e4 c5 2. Nf3 d6 3. d4 cxd4 4. Nxd4 Nf6 5. Nc3 Nc6 6. Be2 e5 7. Nb3 Be7 8.
O-O O-O 9. Kh1 a5 10. a4 Nb4 11. f4 Qc7 12. Be3 Be6 13. Nd2 d5 14. fxe5 Nxe4
15. Bd4 Rfd8 16. Bd3 Nc6 17. Nb5 Qb8 18. Nf3 Nxd4 19. Nbxd4 Nc5 20. Qe1 Qc8 21.
Qg3 Nxd3 22. cxd3 Qd7 23. Ng5 Bxg5 24. Qxg5 Re8 25. Nb5 Rec8 26. Rf2 h6 27. Qf4
Qe7 28. Nd6 Rc7 29. Rc1 Ra6 30. Rfc2 Rxc2 31. Rxc2 Rb6 32. Nb5 Rc6 33. Rxc6
bxc6 34. Nd6 c5 35. b3 d4 36. Qc1 Bd5 37. Qxc5 Qxe5 38. Qc8+ Kh7 39. Qf5+ Qxf5
40. Nxf5 Bxb3 41. Nd6 Bxa4 42. Nc4 Bb3 43. Nxa5 Bd5 44. Kg1 Kg6 45. Kf2 Kf5 46.
Nc4 Bxc4 47. dxc4 Ke5 48. Ke2 Kd6 0-1

[Event "NZL-ch Major"]
[Site "Auckland"]
[Date "2010.01.02"]
[Round "1"]
[White "Holdo, Karl"]
[Black "Rivas Villanueva, Andrea"]
[Result "0-1"]
[WhiteElo "1714"]
[BlackElo "2049"]
[PlyCount "70"]
[EventDate "2010.01.02"]
[EventType "swiss"]
[EventRounds "11"]
[EventCountry "NZL"]
[SourceTitle "OM OTB B 201907"]
[Source "Opening Master"]
[SourceDate "2019.07.06"]
[SourceVersion "2"]
[SourceVersionDate "2019.07.06"]
[SourceQuality "1"]

1. e4 c5 2. Nf3 Nc6 3. d4 cxd4 4. Nxd4 Nf6 5. Nc3 d6 6. Be2 e5 7. Nb3 a5 8. Bg5
a4 9. Nc1 Be7 10. Bxf6 Bxf6 11. Nd5 Qa5+ 12. c3 Bg5 13. O-O O-O 14. Kh1 Be6 15.
b4 axb3 16. Nxb3 Qd8 17. f4 exf4 18. Nxf4 Bxf4 19. Rxf4 Qg5 20. Rf3 Qe5 21. Rg3
Ra3 22. Nd4 Rxa2 23. Rxa2 Bxa2 24. Nf5 g6 25. Nh6+ Kg7 26. Nf5+ Kg8 27. Bd3 Re8
28. Qd2 Be6 29. Nh6+ Kg7 30. Rg5 Ra8 31. Kg1 Ra1+ 32. Bf1 Qf6 33. Nf5+ Bxf5 34.
exf5 Ne5 35. Qf2 Qxg5 0-1

[Event "Zhukovsky op"]
[Site "Zhukovsky"]
[Date "2010.??.??"]
[Round "8"]
[White "Borzov, Roman"]
[Black "Rybakov, Sergey1"]
[Result "1-0"]
[WhiteElo "1985"]
[BlackElo "2207"]
[PlyCount "76"]
[EventDate "2010.05.14"]
[EventType "swiss"]
[EventRounds "9"]
[EventCountry "RUS"]
[SourceTitle "OM OTB B 201907"]
[Source "Opening Master"]
[SourceDate "2019.07.06"]
[SourceVersion "2"]
[SourceVersionDate "2019.07.06"]
[SourceQuality "1"]

1. e4 c5 2. Nf3 Nc6 3. d4 cxd4 4. Nxd4 Nf6 5. Nc3 d6 6. Be2 e5 7. Nb3 Be7 8.
Bg5 Be6 9. Qd2 O-O 10. O-O a6 11. Rad1 Rc8 12. Bxf6 Bxf6 13. Qxd6 Nd4 14. Qxd8
Rfxd8 15. Bd3 Bg5 16. Nxd4 Rxd4 17. a3 g6 18. Rfe1 Rd6 19. Bf1 Rb6 20. Na4 Rbc6
21. c4 R8c7 22. b3 Be7 23. Ra1 Rd7 24. Nc3 Rd2 25. Re2 Rxe2 26. Bxe2 Bc5 27.
Nd5 Bxd5 28. exd5 Rf6 29. Bf3 Rf4 30. Re1 f6 31. b4 Bd4 32. d6 Kf8 33. Re2 b6
34. Bb7 a5 35. Rc2 e4 36. g3 Rg4 37. c5 axb4 38. c6 b3 1-0

[Event "Rostov-ch"]
[Site "Rostov"]
[Date "2010.??.??"]
[Round "7"]
[White "Grigoriev, Sergey"]
[Black "Lugovoi, Yuriy"]
[Result "1/2-1/2"]
[WhiteElo "1945"]
[BlackElo "1890"]
[PlyCount "124"]
[EventDate "2010.11.21"]
[EventType "swiss"]
[EventRounds "9"]
[EventCountry "RUS"]
[SourceTitle "OM OTB B 201907"]
[Source "Opening Master"]
[SourceDate "2019.07.06"]
[SourceVersion "2"]
[SourceVersionDate "2019.07.06"]
[SourceQuality "1"]

1. e4 c5 2. Nf3 Nc6 3. d4 cxd4 4. Nxd4 Nf6 5. Nc3 d6 6. Be2 e5 7. Nb3 Be7 8.
O-O O-O 9. f4 exf4 10. Bxf4 Ne5 11. h3 Qb6+ 12. Qd4 Qxd4+ 13. Nxd4 a6 14. Nf5
Bxf5 15. exf5 Rfd8 16. Rad1 Nc6 17. Bf3 Rac8 18. Nd5 Nxd5 19. Bxd5 b5 20. c3 a5
21. Rd2 a4 22. Re1 Bf8 23. Bxc6 Rxc6 24. Rd5 Rb6 25. Re4 h6 26. Be3 Rb7 27. Bc5
Re7 28. Rxe7 Bxe7 29. Bb4 Rb8 30. Kf2 Kf8 31. Bxd6 Bxd6 32. Rxd6 Ke7 33. Rd4
Rc8 34. Ke3 Rc5 35. g4 a3 36. Kd3 axb2 37. Rb4 Kd6 38. Rxb2 Ke5 39. Rb4 h5 40.
a4 Rd5+ 41. Ke3 bxa4 42. Rxa4 Rd1 43. Ra5+ Kf6 44. Kf4 hxg4 45. Ra6+ Ke7 46.
hxg4 Rc1 47. Rc6 Kd7 48. Rc4 f6 49. Ke4 Re1+ 50. Kd5 Re5+ 51. Kd4 g6 52. fxg6
Rg5 53. Ke3 Rxg6 54. Kf4 Rg5 55. Rd4+ Ke7 56. c4 Rc5 57. Ke4 Re5+ 58. Kd3 Ra5
59. Rd5 Ra3+ 60. Kd4 Rg3 61. Kc5 Rxg4 62. Rd4 f5 1/2-1/2

[Event "SLO-chT (Women)"]
[Site "Slovenia"]
[Date "2010.??.??"]
[Round "4"]
[White "Kolaric, Spela"]
[Black "Kosir, Pavla"]
[Result "1-0"]
[WhiteElo "1995"]
[BlackElo "1960"]
[PlyCount "77"]
[EventDate "2010.??.??"]
[EventType "team-tourn"]
[EventRounds "9"]
[EventCountry "SLO"]
[SourceTitle "OM OTB B 201907"]
[Source "Opening Master"]
[SourceDate "2019.07.06"]
[SourceVersion "2"]
[SourceVersionDate "2019.07.06"]
[SourceQuality "1"]

1. e4 c5 2. Nf3 d6 3. d4 cxd4 4. Nxd4 Nf6 5. Nc3 Nc6 6. Be2 e5 7. Nb3 Be7 8.
O-O O-O 9. Re1 Be6 10. Bf1 Rc8 11. Nd5 Bxd5 12. exd5 Nb8 13. Be3 a6 14. c4 Nbd7
15. Rc1 Ne4 16. f3 Nec5 17. Nxc5 Nxc5 18. b4 Nd7 19. Qd2 f5 20. c5 dxc5 21. d6
Bf6 22. bxc5 Rc6 23. Bc4+ Kh8 24. Bd5 f4 25. Bf2 Qc8 26. Qb4 Bd8 27. Bxc6 bxc6
28. Rb1 Bf6 29. Qb7 h6 30. Qxc8 Rxc8 31. Rb7 Nf8 32. Reb1 Ne6 33. Rb8 Rxb8 34.
Rxb8+ Kh7 35. Re8 Nd8 36. Be1 Kg6 37. Ba5 Nb7 38. Bb6 Kf7 39. Rb8 1-0

[Event "Nizhnij Novgorod Dubinin Memorial 17th"]
[Site "Nizhnij Novgorod"]
[Date "2010.??.??"]
[Round "?"]
[White "Kozyrev, Daniil"]
[Black "Borkin, Alexey"]
[Result "1-0"]
[WhiteElo "2195"]
[BlackElo "1916"]
[PlyCount "67"]
[EventDate "2010.01.03"]
[EventType "swiss"]
[EventRounds "9"]
[EventCountry "RUS"]
[SourceTitle "OM OTB B 201907"]
[Source "Opening Master"]
[SourceDate "2019.07.06"]
[SourceVersion "2"]
[SourceVersionDate "2019.07.06"]
[SourceQuality "1"]

1. e4 c5 2. Nf3 Nc6 3. d4 cxd4 4. Nxd4 Nf6 5. Nc3 d6 6. Be2 e5 7. Nb3 Be7 8.
O-O O-O 9. f4 a6 10. a4 Qc7 11. Be3 b6 12. Bf3 Be6 13. Nd5 Bxd5 14. exd5 e4 15.
dxc6 exf3 16. Qxf3 d5 17. Nd4 Bc5 18. c3 Ne4 19. f5 Bxd4 20. Bxd4 f6 21. c4
Qxc6 22. cxd5 Qxd5 23. Bxb6 Rab8 24. a5 Rxb6 25. axb6 Qc5+ 26. Kh1 Nd2 27. Qf2
Qb4 28. Rfd1 Nc4 29. Qd4 a5 30. b7 Re8 31. b3 Nb6 32. Qxb4 axb4 33. Ra6 Nd7 34.
Re6 1-0